| 000 | 00778cam a22002174a 4500 | ||
|---|---|---|---|
| 020 | _a0764549669 (pbk.) | ||
| 040 | _cDLC | ||
| 082 | 0 | 0 | _a005 KAB 2003 C275 Or. |
| 100 | 1 | _aKabir, Mohammed J., | |
| 245 | 1 | 0 |
_aSecure PHP development : _bbuilding 50 practical applications / |
| 260 |
_aIndianapolis, IN : _bWiley Pub., _cc2003. |
||
| 300 |
_axxviii, 875 p. : _bill. ; _c24 cm. + _e1 CD-ROM (4 3/4 in.) |
||
| 500 | _aIncludes index. | ||
| 650 | 0 | _aPHP (Computer program language) | |
| 650 | 0 | _aWeb sites | |
| 650 | 0 | _aApplication software | |
| 856 | 4 | 2 | _uhttp://www.loc.gov/catdir/bios/wiley046/2003101844.html |
| 856 | 4 | 1 | _uhttp://www.loc.gov/catdir/toc/wiley041/2003101844.html |
| 856 | 4 | 2 | _uhttp://www.loc.gov/catdir/description/wiley039/2003101844.html |
| 942 | _cAEDBB | ||
| 999 |
_c22236 _d22236 |
||